[Event "Morbihan-ch 0607"]
[Site "Morbihan"]
[Date "2007.01.13"]
[Round "4"]
[White "Jouannic, Quentin"]
[Black "Berthelot, Eric"]
[Result "0-1"]
[WhiteElo "1199"]
[BlackElo "1520"]
[PlyCount "50"]
[EventDate "2006.10.21"]
[EventType "swiss"]
[EventRounds "7"]
[EventCountry "FRA"]
[SourceTitle "EXT 2009"]
[Source "ChessBase"]
[SourceDate "2008.11.26"]
[SourceVersion "1"]
[SourceVersionDate "2008.11.26"]
[SourceQuality "1"]

1. f4 d5 2. e3 Nf6 3. g3 Nc6 4. Nf3 Bg4 5. Bg2 e6 6. Rf1 Bc5 7. d3 0-0 8. h3 Bh5 9. b3 d4 10. Nxd4 Bxd1 11. Kxd1 Nxd4 12. exd4 Bxd4 13. Re1 Bxa1 14. Re3 Bd4 15. Rf3 c5 16. c3 Bg1 17. Rf1 Qxd3+ 18. Nd2 Be3 19. Bf3 Bxd2 20. Bxd2 Qxf1+ 21. Kc2 Qxf3 22. c4 Rad8 23. h4 Qe2 24. Kb2 Rxd2+ 25. Kc1 Qd1# 0-1